| 000 | 01649 a2200217 4500 | ||
|---|---|---|---|
| 001 | 22354 | ||
| 005 | 20260407155513.0 | ||
| 008 | 260407a1992 arg spa d | ||
| 003 | AR-UNSa-BCEJYS | ||
| 040 |
_aAR-UNSa-BCEJYS _bspa _cAR-UNSa-BCEJYS |
||
| 080 |
_a657 _xContabilidad |
||
| 245 | 1 | 0 |
_aElección contable y sus efectos económicos _pcontraste empiricos en la banca española |
| 020 | _a84-476-0014-9 | ||
| 264 | 1 |
_aMadrid : _bMinisterio de Economía y Hacienda _c1992 |
|
| 300 |
_a356 p. _c24 cm. |
||
| 505 | _aParte I: Teoría positiva de la contabilidad : 1. El paradigma de utilidad - 2. Teoría positiva de la contabilidad - 3. Información contable y mercado de capitales - 4. Efectos económicos de los cambios contables - Parte II: El bancario español : 5. El sector bancario español - Parte III: La elección de criterios contables en la banca española: 6. Determinantes de la elección de criterios contables - 7. Estudio empírico de la contabilización de los compromisos por complementos de pensiones en la banca española - Parte IV: Reacción del precio de las acciones a las normas contables en la banca española: 8. Determinantes de la reacción del precio de las acciones a los cambios contables - 9. Estudio empirico de las reacción del precio de las acciones a las normas sobre provisión de insolvencias y riesgo-pais. | ||
| 942 | _cBK | ||
| 590 | _aniveau_biblio:m niveau_hierar:0 | ||
| 100 | 1 | _aArcas Pellicer, María Jose | |
| 856 | 4 | 1 |
_uhttps://biblioeco.unsa.edu.ar/pmb/images/libros/Eleccion contable y sus efectos economicos, Contrastes empiricos en la banca Espa?ola-l119500.jpg _yImagen de portada _qimage/jpeg |
| 999 |
_c975 _d975 |
||